Effectif RD Congo - Coupe du monde 2026 - Statistiques

Statistiques générales
  • Ce quiz a été pris 13 fois
    7 depuis la dernière actualisation
  • Le résultat moyen est 18 sur 27
Statistiques - réponses
Poste Club Numéro Joueur % Correct
Défenseur West Ham United 2 Aaron Wan-Bissaka
100%
Défenseur RC Lens 26 Arthur Masuaku
100%
Défenseur Burnley FC 4 Axel Tuanzebe
100%
Attaquant Real Betis Balompié 17 Cédric Bakambu
100%
Défenseur LOSC Lille 22 Chancel Mbemba
100%
Milieu LOSC Lille 6 Ngal'ayel Mukau
100%
Milieu AFC Sunderland 14 Noah Sadiki
100%
Attaquant Newcastle United 20 Yoane Wissa
100%
Milieu FC Watford 25 Edo Kayembe
86%
Défenseur KRC Genk 25 Joris Kayembe
86%
Gardien Le Havre AC 1 Lionel Mpasi
86%
Gardien Standard de Liège 21 Matthieu Epolo
71%
Milieu Atromitos Athènes 8 Samuel Moutoussamy
71%
Sélectionneur - - Sébastien Desabre
71%
Milieu Spartak Moscou 10 Théo Bongonda
71%
Milieu Espanyol Barcelona 18 Charles Pickel
57%
Milieu Alanyaspor 13 Meschack Elia
57%
Milieu Montpellier Hérault SC 7 Nathanaël Mbuku
57%
Attaquant Al-Jazira Club 23 Simon Banza
57%
Milieu CD Castellón 9 Brian Cipenga
43%
Attaquant Pyramids FC 19 Fiston Mayele
43%
Défenseur Aris Limassol 24 Gédéon Kalulu
43%
Défenseur Widzew Lodz 3 Steve Kapuadi
43%
Gardien FC Noah Yerevan 16 Timothy Fayulu
43%
Défenseur AE Larisa 5 Dylan Batubinsika
29%
Milieu AE Larisa 11 Gaël Kakuta
29%
Défenseur Kilmarnock FC 15 Aaron Tshibula
0%
Aucun quiz correspondant
Distribution des résultats
% des personnes avec chaque résultat
Percentile par nombre de réponses
Votre historique - résultats
Vous n’avez pas pris ce quiz depuis la dernière actualisation